[Event "EU-ch 8th"]
[Site "Dresden"]
[Date "2007.04.13"]
[Round "10"]
[White "Postny, Evgeny"]
[Black "Chuchelov, Vladimir"]
[Result "1-0"]
[WhiteElo "2622"]
[BlackElo "2539"]
[Annotator "Postny,E"]
[PlyCount "93"]
[EventDate "2007.04.03"]
[EventType "swiss"]
[EventRounds "11"]
[EventCountry "GER"]
[SourceTitle "CBM 118"]
[Source "ChessBase"]
[SourceDate "2007.05.31"]
[SourceVersion "1"]
[SourceVersionDate "2007.05.31"]
[SourceQuality "1"]

1. d4 Nf6 2. c4 e6 3. Nf3 b6 4. g3 Ba6 5. Qc2 Bb7 6. Bg2 c5 7. d5 {This pawn
sacrifice is principled and extremely topical nowadays. In other case Black
equalizes easily.} (7. O-O cxd4 8. Nxd4 Bxg2 9. Kxg2 Qc8 10. b3 Nc6 11. Bb2 Be7
12. Nd2 O-O 13. Rac1 Qb7 14. Nxc6 Rac8 15. Kg1 Qxc6 $11 {1/2-1/2 Murugan,K 
(2450)-Eingorn,V (2560)/London 1989/TD (24)}) 7... exd5 8. cxd5 Nxd5 ({The
other recapture} 8... Bxd5 $6 {proved to be worse for Black:} 9. Nc3 Bc6 10. e4
Be7 11. Bf4 O-O 12. O-O-O Na6 13. Qe2 Nb4 14. a3 Qc8 15. Kb1 a5 16. Ne5 Re8 17.
Rhe1 Bf8 18. g4 g6 19. Bg3 Re6 20. f4 $16 {1-0 Gelfand,B (2729)-Aronian,L 
(2761)/Dortmund 2006/CBM 114 (33)}) 9. O-O {White is not in a rush to create
immediate threats, but plays for a long-term initiative. Black is somewhat
behind in development, and has numerous weak spots along the d-file.
Objectively speaking, Black should not be worse, but from the psychological
point of view it's easier to be on the attacking side.} Be7 10. Rd1 Qc8 {
Defending the Bb7 against some potential tactical ideas along the diagonal
h1-a8. Vladimir Chuchelov had already played this move earlier this year. The
critical alternative is 10...Nc6. Here are the most recent examples:} (10...
Nc6 11. Qf5 (11. Rxd5 $4 Nb4) 11... Nf6 12. e4 g6 13. Qf4 O-O (13... h6 14. e5
Nh5 15. Qg4 Ng7 16. Nc3 Ne6 17. Be3 h5 18. Qa4 a6 19. Rd2 b5 20. Qd1 $44 {
0-1 Loeffler,S (2448)-Sakaev,K (2633)/Dresden GER 2007/The Week in Chess 648 
(38)}) 14. e5 Nh5 15. Qg4 d5 16. exd6 Bf6 17. Nc3 Nd4 18. Nxd4 Bxg2 19. Nf5 Bc6
20. d7 $1 $16 {1-0 Carlsen,M (2690)-Ivanchuk,V (2750)/Monte Carlo MNC 2007/The
Week in Chess 646 (27)}) 11. Bg5 (11. e4 Nc7 12. Nc3 O-O 13. e5 Nc6 14. Bg5
Nxe5 15. Nxe5 Bxg5 16. Bxb7 Qxb7 17. Ne4 Ne6 18. h4 Qc7 19. f4 Bxf4 20. gxf4
Nxf4 21. Nd6 Rae8 22. Qf5 {1/2-1/2 Nielsen,P (2651)-Chuchelov,V (2539)/
Muelheim Nord GER 2007/The Week in Chess 642}) (11. Nh4 Bxh4 12. Rxd5 Be7 13.
Nc3 Nc6 14. Bf4 Nb4 15. Qf5 Nxd5 16. Nxd5 Bxd5 17. Bxd5 O-O 18. Rd1 d6 19. Qe4
Re8 20. Qf3 Rf8 21. Qe4 Re8 22. Qf3 Rf8 23. Qe4 {1/2-1/2 Gelfand,B (2733)
-Carlsen,M (2690)/Monte Carlo MNC 2007/The Week in Chess 645}) 11... h6 ({
A picturesque line is:} 11... Bxg5 $2 12. Nxg5 Nf6 13. Bxb7 Qxb7 14. Nc3 h6 15.
Nb5 O-O 16. Nd6 Qa6 17. Ngxf7 $1 Rxf7 18. Qb3 c4 19. Qf3 Nc6 20. Nxf7 Kxf7 21.
Rxd7+ Ne7 22. Rxe7+ Kxe7 23. Qxa8 $18 {Great geometrical work.}) 12. Bxe7 Nxe7
{[%cal Gd7d5]} 13. e4 {Preventing d7-d5.} O-O 14. Nc3 Nbc6 15. Rd2 Qb8 $5 $146
{An attempt to improve Carlsen's play.} (15... Ba6 16. Bh3 Ng6 17. Bxd7 Qb7 18.
Bh3 (18. Bxc6 $5 Qxc6 19. Nd5 {keeping some pressure.}) 18... Rad8 19. Rad1 Qb8
20. Bg2 {1/2-1/2 Aronian,L (2744)-Carlsen,M (2690)/Wijk aan Zee NED 2007/The
Week in Chess 637}) 16. Rad1 (16. Rxd7 $6 Bc8 17. Rd2 Bg4 {is the point of 15..
.Qb8. Black is fine here as he is going to exchange on f3, followed by Nc6-d4
and Ne7-g6-e5.}) 16... Rd8 17. a3 {Covering the b4 square against a possible
knight move. Again, it was not promising to take on d7.} Ng6 $6 ({It was
better to cover the b5 square:} 17... a6 18. e5 Ng6 (18... Nxe5 $2 19. Nxe5
Bxg2 20. Nxd7 Qb7 21. Nf6+ gxf6 22. Rxd8+ Rxd8 23. Rxd8+ Kg7 24. Qd3 $18) 19.
Rxd7 Rxd7 20. Rxd7 Nd4 21. Nxd4 Bxg2 22. Kxg2 cxd4 23. Rxd4 Qxe5 $11) 18. Nb5
d5 $1 {Practically forced.} (18... Nge5 $2 19. Nxe5 Qxe5 20. f4 Qe7 21. Nd6
Rab8 22. e5 {and White's position is simply overwhelming.}) 19. exd5 Nce5 20.
Nxe5 Nxe5 21. Re2 (21. Re1 $6 a6 22. Nc3 b5 23. Qf5 Nc4 {and the knight is
going to d6 with tempo.}) 21... a6 $2 {Probably, already the decisive mistake.}
({It was necessary to eliminate the knight by} 21... Ba6 $1 22. Qf5 (22. Qa4
Bxb5 23. Qxb5 Qd6 $14) 22... Bxb5 23. Rxe5 Qd6 24. Rde1 Re8 {and White's
advantage is only marginal.}) 22. Nc3 b5 23. Qf5 Ng6 (23... Nc4 24. Be4 $1 (24.
Re7 $6 Nd6 25. Qf4 Kf8 26. Rde1 Re8 {is not so convincing.}) 24... g6 25. Qh3
Kg7 (25... h5 26. Bxg6 $1 fxg6 27. Qe6+ Kg7 28. Qe7+ Kh6 29. f4 Re8 30. Qg5+
Kg7 31. Rde1 $18) 26. Bxg6 $1 Kxg6 27. Qg4+ Kh7 28. Re7 Rf8 29. Ne4 $18) 24.
Ne4 {White's pieces have occupied all the commanding outposts. Black is not
able to block the d-pawn in a proper way.} Qc7 {This makes White's task easier,
but objectively Black's position is already beyond saving.} (24... c4 25. d6
Bxe4 26. Qxe4 Ra7 27. Bh3 $1 {and Black has nothing to oppose the strong
passed pawn.}) 25. d6 Qb8 (25... Bxe4 26. Qxe4 $1 $18 ({But not} 26. Bxe4 $4
Rxd6 27. Rxd6 Qxd6 28. Bxa8 Qd1+ 29. Kg2 Qxe2 $11)) 26. Qxc5 {White is a pawn
up and dominating.} Ra7 27. Qb6 Qa8 28. d7 Nf8 (28... Ne5 29. Nc5 Nxd7 (29...
Bxg2 30. Rxe5 $18 {[%cal Gb6d8]}) 30. Nxb7 Nxb6 31. Rxd8+ Qxd8 32. Nxd8 $18)
29. Nf6+ $1 {A small combination, just simplifying to a won endgame.} gxf6 30.
Qxd8 (30. Re8 Rxe8 31. d8=Q Bxg2 32. Qxa8 Raxa8 33. Kxg2 {was also clearly
winning.}) 30... Qxd8 31. Re8 Ra8 32. Rxd8 Rxd8 33. Bxb7 a5 34. Bc6 b4 35. a4
Ng6 36. Rd6 Kf8 37. Rxf6 (37. f4 Ke7 38. Rd5 {would have been more precise.})
37... Ke7 38. Rf5 Kd6 39. Bb5 Ne5 40. Rf6+ Kd5 41. Rxh6 Nxd7 42. Rh5+ Kd4 43.
Rh4+ (43. Bxd7 $6 Rxd7 44. Rxa5 Kc4 {could give Black counterchances because
of the b-pawn.}) 43... Ke5 44. Rc4 Nb6 45. f4+ Kf5 46. Rc6 Nc8 $2 {A blunder
in a hopeless position.} 47. Rxc8 (47. Rxc8 Rxc8 48. Bd7+ $18) 1-0

[Event "Bundesliga 0506"]
[Site "Germany"]
[Date "2005.10.22"]
[Round "1.2"]
[White "Postny, Evgeny"]
[Black "Jenni, Florian"]
[Result "1-0"]
[WhiteElo "2571"]
[BlackElo "2502"]
[Annotator "Postny,E"]
[PlyCount "79"]
[EventDate "2005.10.21"]
[EventType "team-tourn"]
[EventRounds "15"]
[EventCountry "GER"]
[SourceTitle "CBM 110"]
[Source "ChessBase"]
[SourceDate "2006.01.31"]
[SourceVersion "1"]
[SourceVersionDate "2006.01.31"]
[SourceQuality "1"]
[WhiteTeam "Eppingen"]
[BlackTeam "Godesberg"]
[WhiteTeamCountry "GER"]
[BlackTeamCountry "GER"]

1. d4 Nf6 2. c4 e6 3. Nf3 b6 4. g3 Ba6 5. b3 Bb4+ 6. Bd2 Be7 7. Bg2 c6 8. Ne5 (
8. Bc3 d5 9. Ne5 Nfd7 10. Nxd7 Nxd7 11. O-O O-O 12. Nd2 {is the main line.})
8... Qc7 {A very rare move. Black protects the Pc6 in order to drive away the
white knight by d7-d6.} (8... d5 9. Bc3 Nfd7 {leads to the main line.}) 9. O-O
d6 10. Nd3 O-O $146 (10... d5 11. Bf4 Bd6 12. Nd2 dxc4 13. Nxc4 Bxc4 14. bxc4
$14 {0-1 Sanchez,J-Veingold,A (2435)/Seville 1990/EXT 97 (22)}) 11. e4 {
White's position is slightly superior thanks to his space advantage.} e5 12.
Bc3 Nbd7 13. Nd2 exd4 $6 {After this exchange white is getting free hand in
the centre.} (13... Rad8) ({or} 13... Rfe8 {should have been prefered.}) 14.
Bxd4 Rad8 (14... d5 $2 15. e5 $16) 15. Re1 Ne5 16. Nf4 $1 {According to the
well-known rule: the side which has more space should avoid the exchange of
pieces.} Bb7 {The bishop on a6 was doing nothing.} 17. Qc2 Nfd7 ({Possible was
} 17... Rfe8 {followed by Be7-f8, g7-g6, Bf8-g7.}) 18. Nf1 {Transfering the
knight to an ideal e3 square.} Rfe8 19. Rad1 Bf8 20. Ne3 Nf6 {Black is lack of
a good plan.} 21. h3 {Covering the square g4 against a possible knight jump.}
g6 22. Bb2 Bg7 23. Ne2 Ned7 24. Nc3 a5 25. a3 {[%cal Gb3b4]} h5 $6 {This move
only weakens the shelter of black's king.} (25... Nf8 26. b4 axb4 27. axb4 $16)
26. b4 axb4 27. axb4 Nf8 28. b5 $1 {This way white is getting an access to the
key d5 square and black's position is starting to collapse.} c5 29. Ncd5 Nxd5 (
29... Bxd5 30. Bxf6 $1 {and black loses material.}) 30. cxd5 Bxb2 31. Qxb2 $18
{White's position is winning. Black's position is totally cramped and he is
not able to resist the following white's smooth offensive in the centre and
the kingside.} Nd7 32. f4 c4 {The last attempt for a counterplay, but
obviously insufficient.} 33. Rc1 Nc5 34. Rxc4 Qd7 35. Qd4 Qxb5 36. g4 $1 Qa5 $2
{The last mistake in time-trouble.} ({The only way to prolong the resistance
would have been:} 36... h4 37. g5 $1 {[%cal Ge3g4] The point of 36.g4.} Bc8 $1
(37... Rc8 38. Ng4 Nd3 39. Nf6+ Kf8 40. Nxe8 $1 Rxc4 41. Qh8+ Ke7 42. e5 dxe5 (
{A spectacular mate is after:} 42... Nxe1 43. exd6+ Kd7 44. Nf6+ Kxd6 45. Qf8+
Kc7 46. d6#) 43. d6+ Kd7 44. Nf6+ Ke6 45. f5+ $1 gxf5 (45... Kxf5 46. Ne4 $18 {
[%cal Rh8f6]}) 46. d7 $18) 38. Rb4 Qd3 39. Rd1 Qxd4 40. Rdxd4 Nd7 41. Nc4 $18)
37. Ra1 Qb5 (37... Nb3 38. Rxa5 Nxd4 39. Ra7 Ne2+ 40. Kf2 {[%csl Rb7,Re2]
winning a piece.}) 38. gxh5 Nb3 39. Qf6 Nxa1 40. h6 {[%mdl 2048]} 1-0

[Event "Elista FIDE GP"]
[Site "Elista"]
[Date "2008.12.15"]
[Round "2"]
[White "Grischuk, Alexander"]
[Black "Leko, Peter"]
[Result "1-0"]
[WhiteElo "2719"]
[BlackElo "2747"]
[Annotator "Postny,E"]
[PlyCount "77"]
[EventDate "2008.12.14"]
[EventType "tourn"]
[EventRounds "13"]
[EventCountry "RUS"]
[EventCategory "19"]
[SourceTitle "CBM 128"]
[Source "ChessBase"]
[SourceDate "2009.01.28"]
[SourceVersion "1"]
[SourceVersionDate "2009.01.28"]
[SourceQuality "1"]

1. d4 Nf6 2. c4 e6 3. Nf3 b6 4. g3 Ba6 5. b3 Bb4+ 6. Bd2 Be7 7. Nc3 ({The main
line continues with} 7. Bg2 c6 8. Bc3 d5 {and has seen hundreds of games at
the top level in recent years.}) 7... O-O 8. Rc1 {This way of development was
introduced by Topalov about five years ago. The idea of delaying the natural
developing move Bf1-g2 can be seen in the line 8...c6 9.e4 d5 10.Bd3 or 10.e5
where White's light-squared bishop appears to be useful on the diagonal f1-a6.
It should be noted that the immediate 8.e4 yields White no advantage. The
inclusion of the moves 8.Rc1 c6 favours White.} (8. e4 d5 9. cxd5 Bxf1 10. Kxf1
exd5 11. e5 Ne4 12. Kg2 Qd7 13. Rc1 Nc6 14. Qe2 Nxd2 15. Qxd2 Nd8 16. Ne2 Ne6
17. Rhd1 Rfd8 18. Nfg1 c5 19. f4 f5 $11 {1/2-1/2 Piket,J (2649)-Gelfand,B 
(2681)/New Delhi/Teheran 2000/CBM 080 (44)}) 8... d5 9. cxd5 exd5 {Leko has
tried the other recapture as well.} (9... Nxd5 10. Bg2 Bb7 11. Qc2 Nf6 12. O-O
c5 13. dxc5 Bxc5 14. e4 Nbd7 15. Bf4 h6 16. e5 Nd5 17. Nxd5 Bxd5 18. Qe2 Rc8
19. Rcd1 Qe7 20. h4 Rfd8 $11 {1/2-1/2 Gelfand,B (2736)-Leko,P (2755)/Moscow
2007/CBM 122 (27)}) 10. Bg2 Bb7 {The black bishop is now out of place on a6.}
11. O-O Nbd7 12. Qc2 (12. Bf4 c6 13. Qc2 Re8 14. Qb2 Nf8 15. b4 Ne6 16. Be3 Bd6
17. a4 Qe7 18. Rb1 a6 19. Bd2 Rab8 20. e3 c5 21. bxc5 bxc5 22. Qa2 g6 23. dxc5
Bxc5 24. Ne2 Ne4 $11 {1/2-1/2 Van Wely,L (2677)-Leko,P (2741)/Dortmund 2008/
CBM 125 (31)}) 12... Re8 13. Rfd1 {In current game Grischuk employs a somewhat
different piece setup. Objectively, Black has nothing to complain about, the
position is approximately equal. Usually, in a position with such a pawn
structure a long manoeuvring battle is to be expected.} c6 14. Ne1 Nf8 15. Bg5
{White decides to get rid of his dark-squared bishop and then to put his pawns
on the dark squares.} (15. e4 $6 {The knight on e1 is not in harmony with this
push.} dxe4 16. Nxe4 Ne6 $15 {[%csl Rd4]}) 15... Ne6 16. Bxf6 Bxf6 17. e3 a5
18. Nd3 Be7 19. Rb1 {Preparing to open the b-file. On the other hand, the
coming b3-b4 advance will also open the a-file in Black's favour.} Ba3 {
I don't understand what exactly the bishop is doing there on a3, but the move
itself is not bad.} (19... Bd6 {looks more natural to me.}) 20. b4 axb4 21.
Nxb4 Qe7 22. Qb3 Ra7 $2 {[%mdl 8192]} (22... b5 23. e4 {This leads to massive
simplifications and equality.} (23. Nc2 Reb8 {Black is not worse.}) 23... dxe4
24. Bxe4 Bxb4 25. Qxb4 Qxb4 26. Rxb4 Red8 27. Nxb5 Rxa2 28. Nc3 Ra3 29. Rxb7
Rxc3 $11) 23. Nc2 {[%csl Rb6]} b5 $2 (23... Bd6 24. Qxb6 Ba8 {was the least of
the evils for Black, even though he is a pawn down without any compensation.})
{[%tqu "En","How can White win material?","","","g2d5","This oversight
definitely explains Leko's last two moves. Suddenly, Black's position falls
apart.",10]} 24. Bxd5 $1 {This oversight definitely explains Leko's last two
moves. Suddenly, Black's position falls apart.} cxd5 25. Nxb5 {A fork.} Ra6 26.
Nbxa3 {White has gained two pawns for nothing. Now he just has to watch out
for his light squares near the king.} Bc8 27. Nb4 Ng5 $1 {Nice practical
chance even if insufficient.} 28. Nxa6 Qe4 29. Qb5 Rf8 {The alternatives
didn't work for Black either.} (29... Nf3+ 30. Kf1 Bh3+ 31. Ke2 Bg4 32. Qxe8+
$1 Qxe8 33. Rb8 Nxd4+ 34. Kd2 Nf3+ 35. Kc3 Bc8 36. Rxd5 $18 {[%cal Gd5c5]}) (
29... Nh3+ 30. Kf1 Bxa6 31. Qxa6 Nxf2 $1 32. Rd2 (32. Kxf2 $4 Qxe3+ 33. Kg2
Qe4+ 34. Kh3 Qf5+ $11) 32... Ng4 33. Ke1 $1 Nxe3 (33... Qh1+ 34. Qf1 Rxe3+ 35.
Re2 Rxe2+ 36. Kxe2 Qe4+ 37. Kd2 Qxd4+ 38. Qd3 Qf2+ 39. Qe2 Qd4+ 40. Kc1 Qg1+
41. Kb2 Qd4+ 42. Kb3 Qb6+ 43. Nb5 $18 {No perpetual check.}) 34. Re2 Qxd4 35.
Qb6 Qd3 36. Qxe3 Qxe3 37. Rxe3 Rxe3+ 38. Kd2 $18 {In this variation White is
speculating on Black's undefended 8th rank.}) 30. Nc5 Qf3 31. Kf1 Nh3 (31...
Bg4 {[%cal Gf3h1]} 32. Ke1 $8 Qg2 33. Kd2 Qxf2+ 34. Kc3 Bxd1 35. Rxd1 Qxe3+ 36.
Qd3 $18) 32. Rd2 Qh1+ (32... Bg4 33. Ke1 $8 Qh1+ 34. Qf1 Ng1 $1 35. h3 $1 Nf3+
36. Ke2 Nh2+ 37. hxg4 Qf3+ 38. Kd3 Nxf1 39. Rxf1 $18 {Too much material for
the queen. Still, this was a better practical chance for Leko.}) 33. Ke2 Qxh2
34. Kd3 {The king escapes easily and White is a full rook up.} Nxf2+ 35. Kc3
Qxg3 36. Qe2 Ng4 37. Rf1 Qc7 38. Kb2 Qa5 39. Nb3 1-0